| 000 | 01145nam a22003137a 4500 | ||
|---|---|---|---|
| 005 | 20260424095937.0 | ||
| 008 | 260423b2026 ag ||||| |||| 00| 0 spa d | ||
| 020 |
_aTI Parte Resolutiva - Audiencia in voce fecha 21/4/26 _bIV |
||
| 110 |
_aTribunal de Impugnación _91 |
||
| 245 |
_a"ABOY, LUIS ALBERTO S/ EJECUCIÓN DE LA PENAL (EX OFIZA LEG 62/14)" / _cTribunal de Impugnación |
||
| 300 | _a00:11:16 | ||
| 518 | _a21/4/26 | ||
| 653 | _aLIBERTAD CONDICIONAL | ||
| 653 | _aLEY 27375 EJECUCIÓN DE LA PENA | ||
| 653 | _aART. 13 CP | ||
| 653 | _aFACULTADES JURISDICCIONALES | ||
| 653 | _aART. 214 INC. 14 CONSTITUCION PROVINCIAL | ||
| 653 | _aDIVISIÓN DE PODERES | ||
| 653 | _aCOSA JUZGADA | ||
| 653 | _aRECURSO DE REVISIÓN | ||
| 653 | _aDOCTRINA DEL PRECEDENTE OBLIGATORIO | ||
| 653 | _aPRINCIPIO DE IGUALDAD ANTE LA LEY | ||
| 700 | 1 |
_aRepetto, Andrés _910 |
|
| 700 | 1 |
_aSauli, Estefania _970 |
|
| 700 | 1 |
_aMacagno, Mauricio _9284 |
|
| 774 | _aLEG 1216 | ||
| 856 |
_uhttps://drive.google.com/file/d/1I9jec2PVcwrNWpGrc4VM4x5A0vP7UwHD/view?usp=sharing _yParte Resolutiva - Audiencia in voce fecha 21/4/26 |
||
| 942 |
_2ddc _cIV |
||
| 999 |
_c1275 _d1275 |
||